| 000 -LEADER |
| fixed length control field |
01215nam a2200313 a 4500 |
| 001 - CONTROL NUMBER |
| control field |
501553 |
| 003 - CONTROL NUMBER IDENTIFIER |
| control field |
OkBaRHE |
| 005 - DATE AND TIME OF LATEST TRANSACTION |
| control field |
20110927192258.0 |
| 008 - FIXED-LENGTH DATA ELEMENTS--GENERAL INFORMATION |
| fixed length control field |
850207s1984 maua b 000 0 eng |
| 010 ## - LIBRARY OF CONGRESS CONTROL NUMBER |
| LC control number |
85115488 |
| 020 ## - INTERNATIONAL STANDARD BOOK NUMBER |
| International Standard Book Number |
0942516060 (pbk.) : |
| Terms of availability |
$4.95 |
| 040 ## - CATALOGING SOURCE |
| Original cataloging agency |
DLC |
| Transcribing agency |
DLC |
| Modifying agency |
DLC |
| 043 ## - GEOGRAPHIC AREA CODE |
| Geographic area code |
n-us--- |
| 050 00 - LIBRARY OF CONGRESS CALL NUMBER |
| Classification number |
HN65 |
| Item number |
.B48 1984 |
| 082 00 - DEWEY DECIMAL CLASSIFICATION NUMBER |
| Classification number |
261.8/3/0973 |
| Edition number |
19 |
| 245 00 - TITLE STATEMENT |
| Title |
Biblical principles concerning issues of importance to Godly Christians. |
| 260 ## - PUBLICATION, DISTRIBUTION, ETC. (IMPRINT) |
| Place of publication, distribution, etc |
Plymouth, Mass. : |
| Name of publisher, distributor, etc |
Plymouth Rock Foundation, |
| Date of publication, distribution, etc |
1984. |
| 300 ## - PHYSICAL DESCRIPTION |
| Extent |
368, [4] p. : |
| Other physical details |
ill. ; |
| Dimensions |
18 cm. |
| 500 ## - GENERAL NOTE |
| General note |
"Material in this book was originally published in the Plymouth Rock Foundation's periodicals: the Letter from Plymouth Rock and the FAC-sheet"--P. [372]. |
| 504 ## - BIBLIOGRAPHY, ETC. NOTE |
| Bibliography, etc |
Includes bibliographies. |
| 650 #0 - SUBJECT ADDED ENTRY--TOPICAL TERM |
| Topical term or geographic name as entry element |
Church and social problems |
| Geographic subdivision |
United States. |
| 9 (RLIN) |
1403 |
| 650 #0 - SUBJECT ADDED ENTRY--TOPICAL TERM |
| Topical term or geographic name as entry element |
Church and social problems |
| General subdivision |
Biblical teaching. |
| 9 (RLIN) |
1404 |
| 650 #0 - SUBJECT ADDED ENTRY--TOPICAL TERM |
| Topical term or geographic name as entry element |
Church and state |
| Geographic subdivision |
United States. |
| 9 (RLIN) |
1405 |
| 650 #0 - SUBJECT ADDED ENTRY--TOPICAL TERM |
| Topical term or geographic name as entry element |
Church and state |
| General subdivision |
Biblical teaching. |
| 9 (RLIN) |
1406 |
| 710 2# - ADDED ENTRY--CORPORATE NAME |
| Corporate name or jurisdiction name as entry element |
Plymouth Rock Foundation. |
| 9 (RLIN) |
1407 |
| 906 ## - LOCAL DATA ELEMENT F, LDF (RLIN) |
| a |
7 |
| b |
cbc |
| c |
orignew |
| d |
3 |
| e |
ncip |
| f |
19 |
| g |
y-gencatlg |
| 942 ## - ADDED ENTRY ELEMENTS (KOHA) |
| Source of classification or shelving scheme |
|
| Koha item type |
Books |